01427nam a22001577a 4500999001500000003000700015005001700022008004100039020002200080082001100102245004500113250001100158260003700169942001400206952104900220 c6827d6827yeezen20180502112736.0180502b xxu||||| |||| 00| 0 chi d a978-986-86194-4-9 a575.33 a進擊-吳志揚的YUONG BOOKc吳志揚 a初版 a新北市b聯合晚報c2018.02 2cclcBOOK 00102ccl4070ayeezenbyeezend2018-05-02l1o575.33pC02404r2018-05-21 00:00:00s2018-05-15w2018-05-02yBOOKz摘要: 有味 Culture 最棒的文化 就該美好它原來的地方 玩轉 Travel 玩轉桃園 我要向大家介紹桃園之美 下一代 Education 教育是 培養帶著走的能力 和給予前進的動力 勁情 Sports 運動紮根 台灣運動需要深耕計畫 引擎 Taoyuan Aerotropolis 我要桃園成為 真正的機場城市 脈動 Mass Rapid Transit 多元運輸網絡 桃園進入交通新紀元 新貌 Urban planning 破繭!桃園展翅 持家 Finance 國家財政 開源節流 招商引資 民脂民膏 當用則用 不能敗家 水美 Water Control 治水不討好,還要花錢 但我堅持作對的事! 饗綠 Environmental Protection 取締工廠偷排及污染源 雷厲風行重現桃園新風貌 食在 Food Safety 食安問題 就是國安危機 平安 Public Security 移居桃園 宜居城市讓人好安心 安康 Social Welfare 編織密實社會福利網 幸福城市 就在桃園